| 000 | 00824cam a22002893a 4500 | ||
|---|---|---|---|
| 001 | 31933 | ||
| 003 | PGUSA | ||
| 005 | 20140828083706.0 | ||
| 008 | 100409s2010||||xxu|||||s|||||000 | eng d | ||
| 040 |
_aPGUSA _beng |
||
| 042 | _adc | ||
| 050 | 4 | _aHX | |
| 100 | 1 |
_aEngels, Friedrich, _d1820-1895 |
|
| 245 | 1 | 0 |
_aLandmarks of Scientific Socialism : _b"Anti-Duehring" _h[electronic resource] / _cFriedrich Engels |
| 260 |
_bProject Gutenberg, _c2010 |
||
| 506 | _aPublic domain in the USA. | ||
| 516 | _aElectronic text | ||
| 653 | _aDialectical materialism | ||
| 653 | _aEconomics | ||
| 653 | _aPhilosophy | ||
| 653 | _aSocialism | ||
| 653 | _aDühring, E. (Eugen), 1833-1921 | ||
| 700 | 1 | _aLewis, Austin | |
| 830 | 0 |
_aProject Gutenberg _v31933 |
|
| 856 | 4 | 0 | _uhttp://www.gutenberg.org/ebooks/31933 |
| 942 | _cEB | ||
| 999 |
_c261188 _d261188 |
||